00915nam a22002537a 4500003000900000005001700009008004800026020002400074040002200098082002000120100003100140245007300171246006400244260004000308300002500348490001300373500003200386504003200418505004500450505006600495505007200561650001500633830001300648DO-SdBNP20171113112233.0151120b 1998 sp xxu||||| |||| 00| 0 spa d a8480190035 (v. III) aBPMSUbspacBPMSU 4a796.323bO48m 1 aOlivera Beltrán, Javier.10a1250 ejercicios y juegos en baloncesto / cJavier Olivera Beltrán.10aMil doscientos cincuenta ejercicios y juegos en baloncesto.0 aBarcelona : bPaidotribo, c[1998]. av. :bil. ;c22 cm. 1 a Deporte aLa biblioteca posee el v. 3 aBibliografía : p. 391-3920 gv. 1tBases teóricas y metodológicas0 gv. 2tLos fundamentos del juego y la evaluación del jugador0 gv. 3tLa construcción de las fases del juego y el entrenamiento. 4aBALONCESTO 0a Deporte